000 00954cam a2200277 4500
008 090401t1988 xxu||||| |||| 00| 0 eng d
020 _a0906182379
035 _a(Sirsi) u17705
041 _aeng
050 _a690.24
110 _aBuilding Maintenance Information Ltd
_92307
245 _aDisposal installations : design/performance data: building owner`s reports
260 _aKingston upon Thames
_bBuilding Maintenance Information Ltd
_c1988
300 _a35p. : ill. ; 30cm.
350 _a0
490 _aSerial
_v168
520 _aThis item is part of a subscription service and cannot be photocopied. Neither can be any part of it be read out over the phone. Please contact BMI direct on 0171-222-7000 for details.
650 _aBMI
650 _aDRAINS
650 _aGULLIES
650 _aGUTTERS
650 _aBUILT ENVIRONMENT-BUILDING MAINTENANCE AND REFURBISHMENT
650 _aPIPES
942 _n0
948 _c04/03/1997
999 _c87540
_d87540